000 00310nam a22001217a 4500
008 170329b xxu||||| |||| 00| 0 eng d
041 _aeng
080 _24TH
_a616-053.2
100 _a8
101 _aSHM
245 _aINFECTION CONTROL IN THE CHILD CARE CENTER AND PRESCHOOL
_cDONOWITZ, L.G
942 _2udc
_cBK
999 _c8949
_d8949